• 首页
  • 本馆介绍
  • 公告通知
  • 最新文献
  • 馆藏检索
  • 电子资源
  • 读者导购
  • 参考咨询
  • 我的图书馆
  • 登录
  • 详细信息显示
  • 放入我的书架
  • 预约/预借图书
  • 作者相关作品
  • 分类相关作品
  • 丛书相关作品
  • 出版社相关作品

书目信息

  • 表格格式
  • 工作单格式
  • 卡片格式
题名:
土力学
    
 
作者: 杨平 主编
分册:  
出版信息: 北京   机械工业出版社  2005
页数: 280页
开本: 24cm
丛书名:
单 册:
中图分类: TU43
科图分类:
主题词: 土力学--高等教育--教材 , 土力学
电子资源:
ISBN: 978-7-111-17006-8
000 00854nam0 2200253 450
001 002960243
005 20110403135929.97
010    @a978-7-111-17006-8@dCNY23.00
100    @a20050628d2005 em y0chiy50 ea
101 0  @achi
102    @aCN@b110000
105    @ay z 000yy
200 1  @a土力学@b专著@f杨平主编@9tu li xue
210    @a北京@c机械工业出版社@d2005
215    @a280页@d24cm
300    @a21世纪高等教育土木工程系列规划教材
330    @a本书系统地介绍了土的基本特性、土力学的基本原理和分析计算方法及其在工程实践中的应用等。主要内容包括土的物理性质及工程分类、土中水的运动规律、土中应力计算、土的压缩性与地基沉降计算等。
606 0  @a土力学@x高等教育@j教材
606 0  @a土力学
690    @aTU43@v5
701  0 @a杨平@c(土木工程)@4主编@9yang ping
801  0 @aCN@bHTST@c20110403
905    @aBZT@dTU43@e2
906    @dCNY23.00@n0@r1
    
    土力学/杨平主编.-北京:机械工业出版社,2005
    280页;24cm
    21世纪高等教育土木工程系列规划教材
    
    ISBN 978-7-111-17006-8:CNY23.00
    本书系统地介绍了土的基本特性、土力学的基本原理和分析计算方法及其在工程实践中的应用等。主要内容包括土的物理性质及工程分类、土中水的运动规律、土中应力计算、土的压缩性与地基沉降计算等。
●
相关链接 在五车中查询图书 在当当中查询图书 在豆瓣中查询图书


正题名:土力学     索取号:TU43/2         预约/预借

序号 登录号 条形码 馆藏地/架位号 状态 备注
1 757721   2000757721   样本书库/样005架B面1层2列/ [索取号:TU43/2] 在馆    
2 757722   2000757722   中心书库中库/ 中库022架B面1列7层39/ [索取号:TU43/2] 在馆    
3 757723   2000757723   中心书库中库/ 中库022架B面1列7层36/ [索取号:TU43/2] 在馆    
4 757724   2000757724   中心书库中库/ 中库022架B面1列7层38/ [索取号:TU43/2] 在馆    
5 757725   2000757725   中心书库中库/ 中库022架B面1列7层40/ [索取号:TU43/2] 在馆    
6 757726   2000757726   中心书库中库/ 中库022架B面1列7层37/ [索取号:TU43/2] 在馆    
山东省滨州职业学院图书馆 欢迎您!
大连网信软件有限公司© 版权所有